书目信息 |
| 题名: |
细胞生物学
|
|
| 作者: | 杨恬 主编 | |
| 分册: | ||
| 出版信息: | 北京 人民卫生出版社 2005.08 |
|
| 页数: | 468页 | |
| 开本: | 28cm | |
| 丛书名: | 全国高等学校教材 | |
| 单 册: | ||
| 中图分类: | Q2 | |
| 科图分类: | ||
| 主题词: | 细胞生物学--xi bao sheng wu xue--医学院校--教材 | |
| 电子资源: | ||
| ISBN: | 7-117-06881-7 | |
| 000 | 01006nam 2200289 450 | |
| 001 | 012006440943 | |
| 005 | 20060921164557.64 | |
| 010 | @a7-117-06881-7@dCNY80.00 | |
| 100 | @a20060711d2005 km y0chiy0120 ea | |
| 101 | 0 | @achi |
| 102 | @aCN@b110000 | |
| 105 | @aa a 001yy | |
| 200 | 1 | @a细胞生物学@Axi bao sheng wu xue@f杨恬主编@Fyang tian zhu bian |
| 210 | @a北京@c人民卫生出版社@d2005.08 | |
| 215 | @a468页@c图@d28cm | |
| 225 | 2 | @a全国高等学校教材@Aquan guo gao deng xue xiao jiao cai |
| 312 | @a英文并列题名取自封面。 | |
| 320 | @a有书目和索引。 | |
| 330 | @a本书内容包括:细胞的起源与进化,细胞生物学的研究方法,细胞膜,细胞的内膜系统,线粒体与细胞的能理转换,细胞核,细胞的信号转导等。 | |
| 333 | @a供8年制及7年制临床医学等专业用。 | |
| 410 | 0 | @12001 @a全国高等学校教材 |
| 510 | 1 | @aCell biology@zeng |
| 606 | 0 | @a细胞生物学@Axi bao sheng wu xue@x医学院校@j教材 |
| 690 | @aQ2@v4 | |
| 701 | 0 | @a杨恬@Ayang tian@4主编 |
| 801 | 0 | @aCN@bQSSK@c20060921 |
| 905 | @a10447@dQ2@eY285 | |
| 细胞生物学/杨恬主编.-北京:人民卫生出版社,2005.08 |
| 468页:图;28cm.-(全国高等学校教材) |
| 使用对象:供8年制及7年制临床医学等专业用。 |
| ISBN 7-117-06881-7:CNY80.00 |
| 本书内容包括:细胞的起源与进化,细胞生物学的研究方法,细胞膜,细胞的内膜系统,线粒体与细胞的能理转换,细胞核,细胞的信号转导等。 |
| ● |
| 相关链接 |
|
|
|
正题名:细胞生物学
索取号:Q2/Y285
 
预约/预借
| 序号 | 登录号 | 条形码 | 馆藏地/架位号 | 状态 | 备注 |
| 1 | 595812 | 205958123 | 自科库401/401自科库 26排3列4层/ [索取号:Q2/Y285] | 在馆 | |
| 2 | 595813 | 205958132 | 自科库401/401自科库 26排3列4层/ [索取号:Q2/Y285] | 在馆 | |
| 3 | 595814 | 205958141 | 自科库401/401自科库 26排3列4层/ [索取号:Q2/Y285] | 在馆 |